000 00524nam a2200181Ia 4500
999 _c33800
_d33800
003 OSt
005 20200826102640.0
008 190216s9999||||xx |||||||||||||| ||und||
020 _a9788120312685
040 _coclc
082 _a539.72
_bKHA/I
100 _aKhanna, M P
_94348
245 0 _aIntroduction To Particle Physics /
_cM P Khanna
260 _bPrentice Hall Of India Pvt Ltd,
_c2002.
_aNew Delhi:
300 _a297p
650 _aPhysics
942 _cBK
_2ddc
_h539.72
_iKHA/I
_k539.72
_mKHA/I